000 01297nab a22002417a 4500
999 _c5936
_d5936
003 OSt
005 20260114005535.0
008 190605e xxu||||| |||| 00| 0 spa d
040 _cPJ
100 _94558
_aLitterio, Liliana Hebe
245 1 0 _aDe Nueva York a Buenos Aires. Avance en el reconocimiento de los repartidores plataformadependientes /
_cLiliana Hebe Litterio.
260 _aCiudad Autónoma de Buenos Aires :
_bThomson Reuters La Ley,
_c2024.
300 _ap. 73-83
500 _aCita: TR LALEY AR/DOC/2915/2023.
505 _aSumario: I. Breve presentación del tema.— II. La llamativa historia del antes y el después de la ley y los fallos de Nueva York.— III. Los llamativos argumentos de la multinacional Rappi descriptos en la sentencia argentina.— IV. ¿Qué está pasando en el resto del mundo?— V. Apreciaciones finales.
505 _t¿Te interesa el texto completo? Solicitalo al correo: koha@justierradelfuego.gov.ar
650 0 _91316
_aDERECHO LABORAL
650 0 _91323
_aCONTRATO DE TRABAJO
650 0 _94942
_aFACULTADES DEL EMPLEADOR
650 0 _91570
_aDERECHOS DEL TRABAJADOR
773 0 _02711
_93168
_dCiudad Autónoma de Buenos Aires : Thomson Reuters La Ley, 1999-2002.
_tRevista de derecho del trabajo. Nº 2 - Marzo 2024
942 _2udc
_cANA